000 00677nam a22002057a 4500
999 _c709
_d709
003 AR-CdUCM
008 190225b ||||| |||| 00| 0 spa d
040 _aMUNICIPALIDAD PROVINCIAL DEL CUSCO
_cBIBLIOTECA MUNICIPAL DEL CUSCO
082 _a828.9 /
_bW48
100 _aWest, Morris
_91257
245 _aLa segunda victoria /
260 _aBuenos Aires :
_bEditorial Pomaire;
_c1966.
300 _a300 paginas ;
_c19 cm.
505 _aProblemas políticos -- Problemas espirituales -- Problemas individuales ...
650 _aNovelas australianas
_91051
650 _aSiglo XX
_98
650 _aTraducciones al español
_91053
942 _2ddc
_cLIBROS
945 _arum
_d2019-02-25